Decomposition of raw natural rubber by soil bacteria (Record no. 56748)
[ view plain ]
| 000 -LEADER | |
|---|---|
| fixed length control field | 00294nam a2200109Ia 4500 |
| 100 ## - MAIN ENTRY--AUTHOR NAME | |
| Personal name | Kothandaraman R |
| 245 #0 - TITLE STATEMENT | |
| Title | Decomposition of raw natural rubber by soil bacteria |
| 260 ## - PUBLICATION, DISTRIBUTION, ETC. (IMPRINT) | |
| Name of publisher | Rubber Board Bulletin |
| Year of publication | 1981-82 |
| 300 ## - PHYSICAL DESCRIPTION | |
| Number of Pages | 19 |
| 942 ## - ADDED ENTRY ELEMENTS (KOHA) | |
| Koha item type | Journals |
| Withdrawn status | Lost status | Damaged status | Not for loan | Home library | Current library | Shelving location | Date acquired | Serial Enumeration / chronology | Koha item type |
|---|---|---|---|---|---|---|---|---|---|
| Journals | RRII Library | RRII Library | Pathology | 17/12/2021 | Volume 17, Issue 2 | Journals |